Current practice guidelines in primary care 2012 / (Record no. 8475)
[ view plain ]
| 000 -LEADER | |
|---|---|
| fixed length control field | 00932cam a2200301Ma 4500 |
| 001 - CONTROL NUMBER | |
| control field | 757930629 |
| 003 - CONTROL NUMBER IDENTIFIER | |
| control field | OCoLC |
| 005 - DATE AND TIME OF LATEST TRANSACTION | |
| control field | 20191101164640.0 |
| 008 - FIXED-LENGTH DATA ELEMENTS--GENERAL INFORMATION | |
| fixed length control field | 111017s2012 nyua 000 0 eng d |
| 015 ## - NATIONAL BIBLIOGRAPHY NUMBER | |
| National bibliography number | GBB1C0810 |
| Source | bnb |
| 020 ## - INTERNATIONAL STANDARD BOOK NUMBER | |
| International Standard Book Number | 9780071701945 (pbk.) |
| 020 ## - INTERNATIONAL STANDARD BOOK NUMBER | |
| International Standard Book Number | 007170194X (pbk.) |
| 035 ## - SYSTEM CONTROL NUMBER | |
| System control number | .b34332042 |
| 035 ## - SYSTEM CONTROL NUMBER | |
| System control number | (OCoLC)757930629 |
| 040 ## - CATALOGING SOURCE | |
| Original cataloging agency | UKMGB |
| Transcribing agency | UKMGB |
| Modifying agency | BDX |
| -- | YDXCP |
| 082 04 - DEWEY DECIMAL CLASSIFICATION NUMBER | |
| Classification number | 362.1 |
| Edition number | 23 |
| 090 ## - LOCALLY ASSIGNED LC-TYPE CALL NUMBER (OCLC); LOCAL CALL NUMBER (RLIN) | |
| Classification number (OCLC) (R) ; Classification number, CALL (RLIN) (NR) | RC46 |
| Local cutter number (OCLC) ; Book number/undivided call number, CALL (RLIN) | .E83 2012 |
| 100 1# - MAIN ENTRY--PERSONAL NAME | |
| Personal name | Esherick, Joseph S |
| 245 10 - TITLE STATEMENT | |
| Title | Current practice guidelines in primary care 2012 / |
| Statement of responsibility, etc. | Joseph S. Esherick, Daniel S. Clark and Evan D. Slater |
| 260 ## - PUBLICATION, DISTRIBUTION, ETC. | |
| Place of publication, distribution, etc. | New York : |
| Name of publisher, distributor, etc. | McGraw-Hill Medical ; |
| Place of publication, distribution, etc. | London : |
| Name of publisher, distributor, etc. | McGraw-Hill [distributor], |
| Date of publication, distribution, etc. | 2012 |
| 300 ## - PHYSICAL DESCRIPTION | |
| Extent | xi, 337 p. : |
| Other physical details | ill. ; |
| Dimensions | 18 cm |
| 650 #0 - SUBJECT ADDED ENTRY--TOPICAL TERM | |
| Topical term or geographic name entry element | Primary care (Medicine) |
| 650 #0 - SUBJECT ADDED ENTRY--TOPICAL TERM | |
| Topical term or geographic name entry element | Medicine, Preventive |
| 650 #2 - SUBJECT ADDED ENTRY--TOPICAL TERM | |
| Topical term or geographic name entry element | Preventive Medicine |
| 700 1# - ADDED ENTRY--PERSONAL NAME | |
| Personal name | Clark, Daniel S |
| 700 1# - ADDED ENTRY--PERSONAL NAME | |
| Personal name | Slater, Evan D |
| 942 ## - ADDED ENTRY ELEMENTS (KOHA) | |
| Source of classification or shelving scheme | Dewey Decimal Classification |
| Koha item type | Books |
| Withdrawn status | Lost status | Source of classification or shelving scheme | Damaged status | Not for loan | Collection code | Home library | Current library | Date acquired | Total Checkouts | Full call number | Barcode | Date last seen | Price effective from | Koha item type |
|---|---|---|---|---|---|---|---|---|---|---|---|---|---|---|
| Dewey Decimal Classification | Non-fiction | Harvest Mission College | Harvest Mission College | 01.11.2019 | 362.1 ES79C | 009777 | 01.11.2019 | 01.11.2019 | Books |
